|
|
|
|
| LEADER |
00000cam a2200000 7i4500 |
| 001 |
0000086190 |
| 005 |
20201220.0 |
| 008 |
201216 |
| 020 |
|
|
|a 9788178134710
|
| 041 |
0 |
|
|a English
|
| 090 |
0 |
0 |
|a 808.6
|b AGG
|
| 100 |
1 |
|
|a Aggarwal, B. N.
|
| 245 |
1 |
0 |
|a Ultimate essay for senior classes
|c B. N. Aggarwal
|
| 260 |
|
|
|a India :
|b Sunrise Publishers
|
| 300 |
|
|
|a 144 p. ;
|c 21.2 cm.
|
| 541 |
0 |
0 |
|c Purchased on 2020
|f 0707-02 HAN
|h RM17.00
|
| 650 |
|
0 |
|a Essays
|
| 999 |
|
|
|a 0001648079
|b Book
|c Adult Collection
|e Cawangan Kota Tinggi
|
| 999 |
|
|
|a 0001648080
|b Book
|c Adult Collection
|e Cawangan Pontian
|
| 999 |
|
|
|a 0001648081
|b Book
|c Adult Collection
|e Cawangan Taman Sri Lambak
|
| 999 |
|
|
|a 0001648082
|b Book
|c Adult Collection
|e Cawangan Mersing
|
| 999 |
|
|
|a 0001648083
|b Book
|c Adult Collection
|e Cawangan Bukit Gambir
|
| 999 |
|
|
|a 0001648084
|b Book
|c Adult Collection
|e Cawangan Segamat
|
| 999 |
|
|
|a 0001648085
|b Book
|c Adult Collection
|e Cawangan Batu Pahat
|
| 999 |
|
|
|a 0001648086
|b Book
|c Adult Collection
|e Cawangan Muar
|
| 999 |
|
|
|a 0001648087
|b Book
|c Adult Collection
|e Cawangan Bandar Penawar
|
| 999 |
|
|
|a 0001648088
|b Book
|c Adult Collection
|e Cawangan Tmn. Ungku Tun Aminah
|
| 999 |
|
|
|a 0001648089
|b Book
|c Adult Collection
|e Cawangan Bandar Tenggara
|
| 999 |
|
|
|a 0001648090
|b Book
|c Adult Collection
|e Cawangan Tangkak
|
| 999 |
|
|
|a 0001649259
|b Book
|c Adult Collection
|e Perbadanan Perpustakaan Awam Johor
|
| 999 |
|
|
|a 0001649260
|b Book
|c Adult Collection
|e Perbadanan Perpustakaan Awam Johor
|
| 999 |
|
|
|a 0001649261
|b Book
|c Adult Collection
|e Cawangan AEON Kulaijaya
|
| 999 |
|
|
|a 0001649262
|b Book
|c Adult Collection
|e Cawangan Urban Transformation Centre
|